000 00614nam a22002297a 4500
003 OSt
005 20140310181919.0
008 130717t xxu||||| |||| 00| 0 eng d
020 _a0870409417
050 _aTT 870
_b.K62 1994
082 _aTR 736.982
_bK64 1994
100 _aKitamura, Keiji
_91397
245 _aOrigami animals /
_cKeiji Kitamura.
260 _aTokyo, Japan :
_bGraph-sha,
_cc1994.
300 _a80p. :
_billus. (col.) ;
_c26 cm.
521 _aFaculty
541 _j1
562 _e1
650 _aOrigami.
_91398
650 _aAnimals in art.
_91364
942 _2lcc
_cBK-TR
_kTR
999 _c6893
_d6893